Starman Secret Idenities Quiz Stats

 Plays Quiz not verified by Sporcle

Challenge
Share
Tweet
Embed
Score 0/7 Timer 05:00
0 Plays Today
Year Introduced Secret Identity % Correct
1941Ted Knight
96.8%
1994Jack Knight
96.8%
1990David Knight
80.6%
1980Prince Gavyn
66.1%
1976Mikaal Tomas
61.3%
1988Will Payton
56.5%
1961Thom Kallor
56.5%

You're not logged in!

Compare scores with friends on all Sporcle quizzes.
Join for Free
OR
Log In

You Might Also Like...

Show Comments

Extras

Created Oct 10, 2009ReportNominate
Tags:identity, secret, starman

Top Quizzes Today


Score Distribution

Your Account Isn't Verified!

In order to create a playlist on Sporcle, you need to verify the email address you used during registration. Go to your Sporcle Settings to finish the process.

Report this User

Report this user for behavior that violates our Community Guidelines.

Details: